| 000 | 00592nam a2200205 a 4500 | ||
|---|---|---|---|
| 001 | 000008628 | ||
| 005 | 20200929161356.0 | ||
| 008 | 960703s1996 ag 000 1 spa | ||
| 010 | _a96166276 | ||
| 020 | _a9501515818 | ||
| 040 |
_aDO-SdBNP _cDLC |
||
| 082 |
_aA863.44 _bP438s |
||
| 100 | 1 |
_aPérez Solari, Margot, _d1945- _923062 |
|
| 245 | 1 | 0 |
_aY serás hombre / _cMargot Pérez Solari. |
| 260 |
_aBuenos Aires : _bJ. Vergara, _cc1996. |
||
| 300 |
_a329 p. ; _c23 cm. |
||
| 650 | 4 |
_aNovela argentina _93941 |
|
| 650 | 4 |
_aLiteratura argentina _93860 |
|
| 910 | _aCatalogación por copia / LC | ||
| 999 |
_c8398 _d8398 |
||